Al-misbah (Record no. 109661)

MARC details
000 -LEADER
fixed length control field 00752nam a2200253Ia 4500
003 - CONTROL NUMBER IDENTIFIER
control field OSt
005 - DATE AND TIME OF LATEST TRANSACTION
control field 20220918105823.0
008 - FIXED-LENGTH DATA ELEMENTS--GENERAL INFORMATION
fixed length control field 220915b |||||||| |||| 00| 0 ara d
037 ## - SOURCE OF ACQUISITION
Terms of availability Reference Collections
040 ## - CATALOGING SOURCE
Original cataloging agency ARTS
Transcribing agency ARTS
Language of cataloging ara
041 ## - LANGUAGE CODE
Source of code ara
Language code of text/sound track or separate title ara
100 ## - MAIN ENTRY--PERSONAL NAME
Personal name Kharma Nayef
9 (RLIN) 4183
245 #0 - TITLE STATEMENT
Title Al-misbah
Remainder of title Students' dictionary English - English - Arabic
260 ## - PUBLICATION, DISTRIBUTION, ETC.
Place of publication, distribution, etc. Harlow
Name of publisher, distributor, etc. Longman group limited
Date of publication, distribution, etc. 1986
300 ## - PHYSICAL DESCRIPTION
Extent 438p.
650 ## - SUBJECT ADDED ENTRY--TOPICAL TERM
Topical term or geographic name entry element ARABIC LITERATURE
700 ## - ADDED ENTRY--PERSONAL NAME
Personal name Eyre Anthony
9 (RLIN) 4184
942 ## - ADDED ENTRY ELEMENTS (KOHA)
Classification part P111:4k, 28N86(RR)
Koha item type Reference
Holdings
Withdrawn status Lost status Damaged status Not for loan Home library Current library Date acquired Total Checkouts Full call number Barcode Date last seen Price effective from Koha item type
        Arts Library Arts Library 2022-09-18   P111:4k 28N86(RR) AL1066919 2022-09-18 2022-09-18 Reference
Copyright @ Delhi University Library System